000 004430000a22001810004500
003 MACL
005 20150703142411.0
008 150703b xxu||||| |||| 00| 0 eng d
040 _aMACL
_cmacl
041 _aEnglish
082 _a300/KHA
100 _aKhan, Ziauddin
_9458
245 _aNational Integration In India
260 _bAssociated Publication
_c1983
_aNew Delhi
350 _a30
650 _aSociology
_919
942 _cBK
_k300
_2ddc
999 _c5806
_d5806